| 000 | 00832nam a22001937a 4500 | ||
|---|---|---|---|
| 999 |
_c60482 _d60482 |
||
| 003 | Ge_BSU | ||
| 005 | 20230731113823.0 | ||
| 008 | 230731s2023ge xxu||||| |||| 00| 0 geo d | ||
| 020 | _a9789941846526 | ||
| 041 | _ageo | ||
| 080 | _a81'221.2 მ-44 | ||
| 100 |
_aმახარობლიძე, თამარ, ავტორი. _919561 |
||
| 245 |
_aლინგვისტური წერილები : _bV / _cთამარ მახარობლიძე. |
||
| 264 |
_aთბილისი, _c[2023]. |
||
| 300 |
_a233 გვ. : _bილ. ფოტ. ; _c29 სმ. |
||
| 504 | _aბიბლიოგრაფია თავების ბოლოს. | ||
| 653 | _aზმნა ქართულ ენაში. ქართული ჟურნალისტური ენა. | ||
| 942 |
_2udc _cBK |
||